| Поле | Название | Значение |
| |
Тип записи |
a |
| |
Библиографический уровень |
m |
| 001 |
Контрольный номер |
RU\infra-m\znanium\bibl\2236683 |
| 005 |
Дата корректировки |
20260429142123.2 |
| 008 |
Кодируемые данные |
260120s2025 RU g rus u |
| 020 |
Индекс ISBN |
__ |
| a |
ISBN |
978-5-00223-188-1 |
| 040 |
Источник каталогиз. |
__ |
| a |
Служба первич. каталог. |
Общество с ограниченной ответственностью «ЗНАНИУМ» |
| 041 |
Код языка издания |
__ |
| a |
Код языка текста |
rus |
| 044 |
Код страны публикации |
__ |
| a |
Код страны публикации |
RU |
| 080 |
Индекс УДК |
__ |
| a |
Индекс УДК |
577 |
| 084 |
Индекс другой классификации/Индекс ББК |
__ |
| 2 |
Источник индекса |
rubbk |
| a |
Индекс другой классификации/Индекс ББК |
280 |
| 100 |
Автор |
__ |
| a |
Автор |
Хувен К. |
| q |
Полное имя |
Хувен Кэрол |
| 245 |
Заглавие |
__ |
| a |
Заглавие |
Тестостерон: гормон, который разделяет и властвует |
| b |
Продолж. заглавия |
Научно-популярная литература |
| 250 |
Сведения об издании |
__ |
| a |
Основные сведения об издании |
1 |
| 260 |
Выходные данные |
__ |
| a |
Место издания |
Москва |
| b |
Издательство |
ООО "Альпина нон-фикшн" |
| c |
Дата издания |
2026 |
| 300 |
Физическое описание |
__ |
| a |
Объем |
400 с. |
| 520 |
Аннотация |
__ |
| a |
Аннотация |
Наблюдая за холощеными самцами домашних животных евнухами при императорских гаремах Древнего Китая и певцами-кастратами в Италии XVIII века люди понимали что типично мужские особенности физиологии и поведения определяются наличием семенников иначе известных как яички. Со временем наука выяснила что именно эти железы — основной источник тестостерона главного мужского гормона. У кого больше кадык ниже голос и волосатее грудь? У кого выше показатели физического насилия острее стремление к привилегированному статусу и неутолимее желание иметь множество сексуальных партнеров? Просто следите за уровнем тестостерона. Хотя мы люди умеем изучать и оценивать свое поведение мы также являемся животными продуктами эволюции длительностью в миллионы лет. Поразительные исследования животных от игуан до шимпанзе показывают как высокий уровень тестостерона помогает самцам производить потомство обходя в этом своих конкурентов. И мужчины тут не исключение. Хотя большинство из нас согласны с тем что половые различия в человеческом поведении объективно существуют мы расходимся во мнениях относительно их причин. Но наука тут неумолима: тестостерон является мощной силой действующей как в человеческом организме так и в человеческом обществе чтобы отделять мужской пол от женского. Однако как доказывает в своей книге биолог-эволюционист из Гарварда Кэрол Хувен он делает это совместно с генетикой и культурой что создает огромное разнообразие мужского и женского поведения. И что особенно важно тот факт что многие половые различия основаны на биологии не означает оправданности ни ограничительных гендерных норм ни патриархальных ценностей. Поняв механику работы тестостерона мы лучше поймем самих себя и друг друга а также то как нам построить более справедливое и безопасное общество. |
| 521 |
Примеч. о цел. назн. |
__ |
| a |
Примеч. о целев. назн. |
Дополнительное образование |
| 650 |
Тематические рубрики |
__ |
| a |
Основная рубрика |
Биологические науки |
| 655 |
Указ. предметных рубрик (устаревшее) |
__ |
| a |
Жанр/ форма (устаревшее) |
Научно-популярная литература |
| 856 |
Электронный адрес документа |
4_ |
| a |
Имя сервера/домена |
znanium.ru |
| m |
Помощь |
ebs_support@infra-m.ru |
| n |
Местонахождение сервера |
НИЦ ИНФРА-М |
| u |
URL |
https://znanium.ru/catalog/document?id=474581 |
| 856 |
Электронный адрес документа |
48 |
| a |
Имя сервера/домена |
znanium.ru |
| d |
Путь |
/cover/2236 |
| f |
Электронное имя |
2236683.jpg |
| q |
Тип электронного формата |
image/jpeg |
| u |
URL |
https://znanium.ru/cover/2236/2236683.jpg |
| 911 |
|
__ |
| u |
|
0030=https://znanium.ru/catalog/document?id=474581 |